LEADER 01520nam2 2200373 i 450 001 PAL0114448 005 20231121125604.0 010 $a8815047158 020 $aIT$b96-3080 100 $a19961116d1995 ||||0itac50 ba 101 | $aita 102 $ait 181 1$6z01$ai $bxxxe 182 1$6z01$an 200 1 $a˜7: œGermania, Russia ed Europa orientale, 1900-1950$fRené Wellek 210 $aBologna$cIl mulino$d\1995! 215 $a636 p.$d22 cm 300 $aEd. italiana a cura di Agostino Lombardo 300 $aTrad. di Giovanni Luciani. 461 1$1001CFI0167189$12001 $aStoria della critica moderna$fRené Wellek$v7 606 $aCritica letteraria$xStoria$2FIR$3RMLC010599$9I 676 $a801.9509$9$v21 700 1$aWellek$b, René$3CFIV015682$4070$0384794 801 3$aIT$bIT-01$c19961116 850 $aIT-RM028 $aIT-RM0289 $aIT-RM0418 $aIT-FR0017 899 $aBiblioteca Universitaria Alessandrina$bRM028 899 $aBiblioteca Statale A. Baldini$bRM0289 899 $aBIBLIOTECA ACCADEMIA NAZ. DEI LINCEI E CORSINIANA$bRM0418 899 $aBiblioteca umanistica Giorgio Aprea$bFR0017 $eN 912 $aPAL0114448 950 2$aBiblioteca umanistica Giorgio Aprea$d 52MAG 13/716.7$e 52FLS0000220415 VMN RS $fA $h20150304$i20150304 977 $a 01$a 04$a 10$a 52 996 $aGermania, Russia ed Europa orientale 1900-1950$9857828 997 $aUNICAS